[Event "BEL-ch U16"]
[Site "Blankenberge"]
[Date "2014.04.17"]
[Round "7"]
[White "Demarre, Thomas"]
[Black "Lachaert, Tibo"]
[Result "1-0"]
[WhiteElo "1615"]
[BlackElo "1788"]
[PlyCount "119"]
[EventDate "2014.04.??"]
[EventType "swiss"]
[EventRounds "9"]
[EventCountry "BEL"]
[SourceTitle "EXT 2015"]
[Source "ChessBase"]
[SourceDate "2014.11.20"]
[SourceVersion "1"]
[SourceVersionDate "2014.11.20"]
[SourceQuality "1"]

1. f4 d5 2. e3 Nc6 3. Nf3 Bf5 4. b3 Nf6 5. Bb2 e6 6. Be2 Bc5 7. 0-0 Nb4 8. Ne1 0-0 9. a3 Nc6 10. b4 Bb6 11. c4 dxc4 12. Nc3 Nd5 13. Na4 c3 14. Nxc3 Nxc3 15. Bxc3 a6 16. Kh1 Qe7 17. d3 Rad8 18. g4 Be4+ 19. Bf3 Bxf3+ 20. Qxf3 Qd6 21. e4 Bd4 22. Bxd4 Nxd4 23. Qg2 c6 24. Ra2 f5 25. gxf5 exf5 26. e5 Qd5 27. Qxd5+ Rxd5 28. Rg2 Ne6 29. h4 Rd4 30. Rgf2 Rfd8 31. Kh2 b6 32. Kg3 c5 33. Rb2 c4 34. dxc4 Rxc4 35. Rff2 Rc3+ 36. Rf3 Rxf3+ 37. Kxf3 Rd4 38. Ng2 Rd3+ 39. Kf2 Rxa3 40. Rd2 Kf7 41. Rd7+ Ke8 42. Rd6 Ke7 43. Rxb6 h6 44. Ne3 Ra2+ 45. Kg3 Ra3 46. Kf2 Ra2+ 47. Kf1 Ra1+ 48. Ke2 Ra2+ 49. Kd1 g6 50. Nd5+ Kd7 51. Rd6+ Kc8 52. Rxe6 Ra1+ 53. Kc2 Ra2+ 54. Kb3 Rd2 55. Nb6+ Kc7 56. Rxg6 Rd3+ 57. Kc4 Rf3 58. Nd5+ Kd7 59. e6+ Ke8 60. Rg8# 1-0

[Event "BEL-ch U16"]
[Site "Blankenberge"]
[Date "2014.04.16"]
[Round "5"]
[White "Marchal, Anais"]
[Black "Demarre, Thomas"]
[Result "0-1"]
[WhiteElo "1278"]
[BlackElo "1615"]
[PlyCount "94"]
[EventDate "2014.04.??"]
[EventType "swiss"]
[EventRounds "9"]
[EventCountry "BEL"]
[SourceTitle "EXT 2015"]
[Source "ChessBase"]
[SourceDate "2014.11.20"]
[SourceVersion "1"]
[SourceVersionDate "2014.11.20"]
[SourceQuality "1"]

1. e4 e6 2. Nc3 d5 3. exd5 exd5 4. d4 Bf5 5. Bd3 Bxd3 6. Qxd3 Nf6 7. Nge2 c6 8. 0-0 Bd6 9. Qf3 Nbd7 10. Re1 0-0 11. Bf4 Qc7 12. Qg3 Bxf4 13. Qxf4 Qxf4 14. Nxf4 Rfe8 15. h3 Ne4 16. Nfe2 Re7 17. f3 Nd6 18. Nf4 Rae8 19. Re2 g5 20. Rae1 Rxe2 21. Nfxe2 Nf5 22. Kf2 Nf8 23. f4 gxf4 24. Nxf4 Rxe1 25. Kxe1 Nxd4 26. Kd2 Nfe6 27. Nce2 Nxe2 28. Nxe2 Kg7 29. g3 Kf6 30. b3 Kf5 31. Kd3 Ng5 32. Ng1 h5 33. h4 Ne4 34. Ne2 Kg4 35. Ke3 Nxg3 36. Kf2 Nxe2 37. Kxe2 f5 38. Ke3 f4+ 39. Kf2 Kxh4 40. Kf3 Kg5 41. Kg2 Kg4 42. Kf2 h4 43. Kg2 f3+ 44. Kf2 h3 45. Kg1 Kg3 46. Kh1 f2 47. c4 f1Q# 0-1

[Event "BEL-ch U16"]
[Site "Blankenberge"]
[Date "2014.04.14"]
[Round "3"]
[White "Demarre, Thomas"]
[Black "De Geeter, Arne"]
[Result "1-0"]
[WhiteElo "1615"]
[BlackElo "1300"]
[PlyCount "63"]
[EventDate "2014.04.??"]
[EventType "swiss"]
[EventRounds "9"]
[EventCountry "BEL"]
[SourceTitle "EXT 2015"]
[Source "ChessBase"]
[SourceDate "2014.11.20"]
[SourceVersion "1"]
[SourceVersionDate "2014.11.20"]
[SourceQuality "1"]

1. e4 c6 2. d4 d5 3. e5 Bf5 4. c4 e6 5. Bd3 Bxd3 6. Qxd3 c5 7. dxc5 Bxc5 8. cxd5 exd5 9. Qb5+ Nd7 10. Nc3 Ne7 11. Nf3 0-0 12. b4 Bb6 13. Bg5 a6 14. Qd3 d4 15. Nd5 f6 16. exf6 gxf6 17. Nxf6+ Nxf6 18. Qb3+ Qd5 19. Qb2 Qe4+ 20. Kf1 Qd3+ 21. Kg1 Qc3 22. Qb1 d3 23. Bd2 Qc2 24. Qe1 Rae8 25. Qe6+ Rf7 26. Ng5 Ref8 27. Nxf7 Rxf7 28. Qxb6 Qxd2 29. Qxb7 Ne4 30. Rf1 Nxf2 31. Qb8+ Rf8 32. Qxf8+ 1-0

[Event "Maastricht Limburg op-C 4th"]
[Site "Maastricht"]
[Date "2010.05.23"]
[Round "4"]
[White "De Coninck, Erik"]
[Black "Demarre, Thomas"]
[Result "0-1"]
[WhiteElo "1149"]
[BlackElo "1332"]
[PlyCount "48"]
[EventDate "2010.05.21"]
[EventType "swiss"]
[EventRounds "7"]
[EventCountry "NED"]
[SourceTitle "EXT 2011"]
[Source "ChessBase"]
[SourceDate "2010.11.26"]
[SourceVersion "1"]
[SourceVersionDate "2010.11.26"]
[SourceQuality "1"]

1. c4 c5 2. g3 e6 3. Bg2 Nf6 4. Nc3 d5 5. cxd5 exd5 6. e4 d4 7. Nd5 Nxd5 8. exd5 Na6 9. Ne2 Nc7 10. Qb3 b5 11. d6 c4 12. dxc7 Qxc7 13. Qxb5+ Bd7 14. Qd5 Rd8 15. Qe4+ Be7 16. Nxd4 0-0 17. 0-0 Rfe8 18. Qb7 Qxb7 19. Bxb7 Bh3 20. Nc6 Rd7 21. Nxe7+ Rdxe7 22. Bd5 Re1 23. Bxc4 Rxf1+ 24. Bxf1 Re1 0-1

[Event "Enschede op-E U14"]
[Site "Enschede"]
[Date "2009.08.05"]
[Round "8"]
[White "Demarre, Thomas"]
[Black "Van Eek, Simon"]
[Result "1-0"]
[WhiteElo "1157"]
[BlackElo "938"]
[PlyCount "71"]
[EventDate "2009.08.03"]
[EventType "swiss"]
[EventRounds "9"]
[EventCountry "NED"]
[SourceTitle "CBM 132 Extra"]
[Source "ChessBase"]
[SourceDate "2009.11.03"]
[SourceVersion "1"]
[SourceVersionDate "2009.11.03"]
[SourceQuality "1"]

1. e4 e5 2. Nf3 Nc6 3. Bc4 h6 4. d3 Bc5 5. Nc3 Nf6 6. Be3 Bxe3 7. fxe3 d6 8. 0-0 Ng4 9. Bxf7+ Kxf7 10. Nxe5+ Ke8 11. Nxg4 Qg5 12. h3 Bxg4 13. Qxg4 Qxg4 14. hxg4 Rg8 15. Nd5 Kd7 16. Rf7+ Ke8 17. Raf1 Rc8 18. Nxc7+ Kd8 19. Ne6+ Ke8 20. Rxb7 Rb8 21. Nxg7+ Kd8 22. Ne6+ Ke8 23. Rff7 Rxb7 24. Rxb7 Rxg4 25. Nc7+ Kf7 26. Nb5+ Ke6 27. Nxa7 Ne5 28. Nb5 Nf3+ 29. Kf2 Nh4 30. Nd4+ Kf6 31. g3 Ng6 32. Rd7 Ke5 33. Nb5 h5 34. Rxd6 h4 35. Kf3 h3 36. d4# 1-0

[Event "Enschede op-E U14"]
[Site "Enschede"]
[Date "2009.08.04"]
[Round "2"]
[White "Boheemen, Vera"]
[Black "Demarre, Thomas"]
[Result "0-1"]
[WhiteElo "403"]
[BlackElo "1157"]
[PlyCount "78"]
[EventDate "2009.08.03"]
[EventType "swiss"]
[EventRounds "9"]
[EventCountry "NED"]
[SourceTitle "CBM 132 Extra"]
[Source "ChessBase"]
[SourceDate "2009.11.03"]
[SourceVersion "1"]
[SourceVersionDate "2009.11.03"]
[SourceQuality "1"]

1. d4 d5 2. Nc3 Nf6 3. Bf4 g6 4. Nb5 Na6 5. e3 c6 6. Nc3 Bg7 7. Bd3 b6 8. Bxa6 Bxa6 9. Nf3 0-0 10. Qd2 c5 11. 0-0-0 Nd7 12. Nxd5 Re8 13. Kb1 e5 14. dxe5 Nxe5 15. Nxe5 Bxe5 16. Bxe5 Rxe5 17. Nf4 Qxd2 18. Rxd2 Rae8 19. b3 f5 20. Rhd1 g5 21. Nd3 Rd5 22. f4 Red8 23. fxg5 b5 24. Kb2 c4 25. Nf4 Rxd2 26. Rxd2 Rxd2 27. Kc3 cxb3 28. axb3 Rf2 29. h3 Bb7 30. h4 Bxg2 31. Nxg2 Rxg2 32. Kd3 Kf7 33. c4 bxc4+ 34. bxc4 Ke6 35. Kd4 Rg4+ 36. Kc5 Rxh4 37. Kb5 Re4 38. c5 Rxe3 39. c6 Rc3 0-1